000
00248nam a2200097Ia 4500
001
706421
005
20250826162448.0
008
250824s9999 xx 000 0 und d
245
0
_a
KÜTÜBİ SİTTE XVIII
_c
İBRAHİM CANAN
260
_b
AKÇAĞ YAYINLARI
999
_c
706421
_d
706421